Web technologies : (Record no. 10310)

MARC details
000 -LEADER
fixed length control field 00628cam a2200217ua 4500
001 - CONTROL NUMBER
control field 11492
005 - DATE AND TIME OF LATEST TRANSACTION
control field 20260515114747.0
008 - FIXED-LENGTH DATA ELEMENTS--GENERAL INFORMATION
fixed length control field 190924n ii |||gr||||Z||||||eng
020 ## - INTERNATIONAL STANDARD BOOK NUMBER
International Standard Book Number 9781259062681
040 ## - CATALOGING SOURCE
Transcribing agency MAIN
041 ## - LANGUAGE CODE
Language code of text/sound track or separate title eng
082 ## - DEWEY DECIMAL CLASSIFICATION NUMBER
Classification number 004.678
100 ## - MAIN ENTRY--PERSONAL NAME
Personal name Achyut Godbole.,
Relator term Author.
245 ## - TITLE STATEMENT
Title Web technologies :
Remainder of title TCP/IP, web/java programming, and cloud computing /
Statement of responsibility, etc. By Achyut Godbole and Atul Khate .
250 ## - EDITION STATEMENT
Edition statement 8th rep.
260 ## - PUBLICATION, DISTRIBUTION, ETC.
Place of publication, distribution, etc. Chennai:
Name of publisher, distributor, etc. Mcgraw hill education,
Date of publication, distribution, etc. 2017.
300 ## - PHYSICAL DESCRIPTION
Extent 593p.
653 ## - INDEX TERM--UNCONTROLLED
Uncontrolled term Data processing & computer science
700 ## - ADDED ENTRY--PERSONAL NAME
Personal name Atul Kahate,
Relator term Author.
942 ## - ADDED ENTRY ELEMENTS (KOHA)
Koha item type Books
Holdings
Withdrawn status Lost status Damaged status Not for loan Home library Current library Shelving location Date acquired Total checkouts Full call number Barcode Date last seen Date last checked out Copy number Price effective from Koha item type
        Naharkatiya College Library Naharkatiya College Library General stacks 09/19/2020 2 004.678Web technologies | GOD 26371 05/10/2022 05/04/2022 1 09/19/2020 Books
        Naharkatiya College Library Naharkatiya College Library General stacks 09/19/2020 2 004.678Web technologies | GOD 26372 06/02/2022 05/19/2022 2 09/19/2020 Books